Time in early modern Islam : calendar, ceremony, and chronology in the Safavid, Mughal, and Ottoman empires /
Main Author:
Format: Book
Language: English
Published:
New York :
Cambridge University Press,
2017.
Edition: First paperback edition.
Subjects:
Tags: Add Tag
Call Number: CE59 .B63 2017
| LEADER | 00841namaa2200241 4500 | ||
|---|---|---|---|
| 003 | OSt | ||
| 005 | 20251105091511.0 | ||
| 008 | 130303s2017 nyub b 001 0 eng d | ||
| 020 | |a 9781108412803 | ||
| 040 | |c ARCE Library | ||
| 050 | 4 | |a CE59 .B63 2017 | |
| 100 | 1 | |a Blake, Stephen P., |e author |9 26877 | |
| 245 | 1 | 0 | |a Time in early modern Islam : |b calendar, ceremony, and chronology in the Safavid, Mughal, and Ottoman empires / |c Stephen P. Blake. |
| 250 | |a First paperback edition. | ||
| 264 | 1 | |a New York : |b Cambridge University Press, |c 2017. | |
| 300 | |a xiii,209 pages : |b maps ; |c 23 cm. | ||
| 504 | |a Includes bibliographical references and index. | ||
| 650 | 0 | |a Islamic Calendar. | |
| 650 | 0 | |a Astronomy |x Religious aspects |x Islam. | |
| 650 | 0 | |a Time |x Religious aspects |x Islam. | |
| 901 | |a reviewed | ||
| 942 | |c BK |2 lcc | ||
| 999 | |c 2618 |d 2618 | ||
